中国机场IATA三字代码 - IATA Codes for Airports in China - Statistics

General Stats
  • This quiz has been taken 6 times
  • The average score is 76 of 291
Answer Stats
Answer % Correct
HKG
100%
PEK
100%
PVG
100%
SHA
100%
CAN
83%
CKG
83%
CTU
83%
HGH
83%
HRB
83%
KMG
83%
PKX
83%
SHE
83%
TPE
83%
TSN
83%
WUH
83%
WUX
83%
XIY
83%
CGO
67%
DLC
67%
FOC
67%
HAK
67%
NKG
67%
SYX
67%
SZX
67%
TFU
67%
TSA
67%
TYN
67%
URC
67%
XMN
67%
ZUH
67%
CGQ
50%
CHG
50%
CSX
50%
DAT
50%
INC
50%
LZH
50%
MFM
50%
NGB
50%
NNG
50%
SJW
50%
TAO
50%
TNA
50%
WNZ
50%
CNI
33%
DDG
33%
EHU
33%
FUO
33%
GYU
33%
HET
33%
HTT
33%
HZG
33%
HZH
33%
JZH
33%
KHH
33%
KHN
33%
KWE
33%
LHW
33%
LYA
33%
NTG
33%
NZH
33%
RMQ
33%
SHS
33%
TEN
33%
TNN
33%
TTT
33%
WHA
33%
WNH
33%
YIE
33%
YIW
33%
YNJ
33%
YYA
33%
ZHA
33%
ZYI
33%
AAT
17%
ACF
17%
ACX
17%
AEB
17%
AHJ
17%
AKA
17%
AKU
17%
AOG
17%
APJ
17%
AQG
17%
AVA
17%
AXF
17%
BAR
17%
BAV
17%
BFJ
17%
BFY
17%
BHY
17%
BPE
17%
BPL
17%
BPX
17%
BSD
17%
BZJ
17%
BZX
17%
CDE
17%
CGD
17%
CIF
17%
CIH
17%
CMJ
17%
CQW
17%
CWJ
17%
CYI
17%
CZX
17%
DBC
17%
DCY
17%
DDR
17%
DEJ
17%
DHH
17%
DIG
17%
DLU
17%
DNH
17%
DOY
17%
DQA
17%
DSN
17%
DTU
17%
DXJ
17%
DYG
17%
DZH
17%
EJN
17%
ENH
17%
ENY
17%
ERL
17%
FUG
17%
FYJ
17%
FYN
17%
GMQ
17%
GNI
17%
GOQ
17%
GXH
17%
GYS
17%
GZG
17%
HBQ
17%
HCJ
17%
HCN
17%
HCZ
17%
HDG
17%
HEK
17%
HFE
17%
HIA
17%
HJB
17%
HJJ
17%
HLD
17%
HLH
17%
HMI
17%
HNY
17%
HPG
17%
HQL
17%
HQQ
17%
HSC
17%
HSF
17%
HSN
17%
HTN
17%
HUN
17%
HUO
17%
HUZ
17%
HXD
17%
HYN
17%
HZA
17%
IQM
17%
IQN
17%
JBK
17%
JDZ
17%
JGD
17%
JGN
17%
JGS
17%
JHG
17%
JIC
17%
JIQ
17%
JIU
17%
JJN
17%
JMJ
17%
JMU
17%
JNG
17%
JNH
17%
JNZ
17%
JRJ
17%
JSJ
17%
JUH
17%
JUZ
17%
JXA
17%
KCA
17%
KGT
17%
KHG
17%
KJH
17%
KJI
17%
KNH
17%
KOW
17%
KRL
17%
KRY
17%
KWL
17%
LCX
17%
LDS
17%
LFQ
17%
LGZ
17%
LIJ
17%
LJG
17%
LLB
17%
LLF
17%
LLV
17%
LNJ
17%
LNL
17%
LPF
17%
LSG
17%
LUM
17%
LXA
17%
LYG
17%
LYI
17%
LZG
17%
LZO
17%
LZY
17%
MDG
17%
MFK
17%
MIG
17%
MXZ
17%
MZG
17%
NAO
17%
NBS
17%
NDG
17%
NGQ
17%
NLH
17%
NLT
17%
NNY
17%
NZL
17%
OHE
17%
PZI
17%
QSZ
17%
RHT
17%
RIZ
17%
RKZ
17%
RLK
17%
RQA
17%
SHF
17%
SQD
17%
SQJ
17%
SWA
17%
SYM
17%
SZH
17%
TCG
17%
TCZ
17%
TGO
17%
THQ
17%
TLQ
17%
TNH
17%
TVS
17%
TWC
17%
TXN
17%
UCB
17%
UYN
17%
WDS
17%
WEF
17%
WEH
17%
WGN
17%
WMT
17%
WNJ
17%
WSK
17%
WUA
17%
WUS
17%
WUT
17%
WUZ
17%
WXN
17%
XAI
17%
XFN
17%
XIC
17%
XIL
17%
XNN
17%
XNT
17%
XUZ
17%
XYI
17%
YBP
17%
YCU
17%
YIC
17%
YIH
17%
YIN
17%
YKH
17%
YLX
17%
YNT
17%
YNZ
17%
YSQ
17%
YTW
17%
YTY
17%
YUS
17%
YZY
17%
ZAT
17%
ZFL
17%
ZHY
17%
ZQZ
17%
KYD
0%
LZN
0%
WOT
0%
No matching quizzes found
Score Distribution
Percent of People with Each Score
Percentile by Number Answered
Your Score History
You have not taken this quiz